Normal view MARC view
  • Naciones Unidas.

Entry Nombre Corporativo

Number of records used in: 1

001 - NÚMERO DE CONTROL

  • campo de control: 52422

003 - IDENTIFICADOR DE NUMERO DE CONTROL

  • campo de control: MX-MxUPN

005 - FECHA Y HORA DE LA ÜLTIMA TRANSACCIÓN

  • campo de control: 20240617134322.0

008 - DATOS DE LONGITUD FIJA

  • campo de control de longitud fija: 240617nn acnnnaabn in ana d

040 ## - FUENTE DE CATALOGACIÓN

  • Agencia original de catalogación: MX-MxUPN
  • Lenguaje de catalogación: spa

110 2# - ENCABEZAMIENTO - NOMBRE CORPORATIVO

  • Nombre corporativo o de jurisdicción como elemento de entrada : Naciones Unidas.
  • Unidad subordinada: Asamblea General

670 ## - FUENTE EN LA QUE SE LOCALIZARON DATOS

  • Cita de la fuente : Autoridades BGTQ, 17 junio 2024 :
  • Información localizada: (Naciones Unidas. Asamblea General. Declaración Universal de los Derechos Humanos)

902 ## - CATALOGADOR

  • Catalogador: VíctorGodínez/170624